[Event "Malakhatko Memorial op"]
[Site "Chess.com INT"]
[Date "2023.06.14"]
[Round "7"]
[White "Korman, Nikita"]
[Black "Kislinsky, Alexey"]
[Result "0-1"]
[WhiteElo "1652"]
[BlackElo "2360"]
[PlyCount "102"]
[EventDate "2023.06.14"]
[EventType "swiss (blitz)"]
[EventRounds "11"]
[EventCountry "USA"]
[SourceTitle "CBM 214 Extra"]
[Source "ChessBase"]
[SourceDate "2023.07.31"]
[SourceVersion "1"]
[SourceVersionDate "2023.07.31"]
[SourceQuality "1"]

1. e4 c5 2. Nf3 Nc6 3. d4 cxd4 4. Nxd4 g6 5. Nc3 Bg7 6. Be3 Nf6 7. Be2 0-0 8. Nb3 a5 9. 0-0 a4 10. Nd4 a3 11. b3 Qa5 12. Nd5 Nxd5 13. exd5 Nxd4 14. Bxd4 Qxd5 15. Bxg7 Qxd1 16. Raxd1 Kxg7 17. Rd4 d6 18. Rb4 Ra7 19. Bf3 Rd8 20. Re1 e6 21. c4 Kf6 22. Rb6 Ke7 23. Rd1 Rd7 24. b4 Ra6 25. Rxa6 bxa6 26. c5 dxc5 27. bxc5 Rxd1+ 28. Bxd1 Kd7 29. Ba4+ Kc7 30. Kf1 Bb7 31. c6 Bxc6 32. Bxc6 Kxc6 33. Ke2 Kc5 34. Kd3 a5 35. f4 f6 36. g4 e5 37. fxe5 fxe5 38. Ke4 Kc4 39. Kxe5 Kc3 40. Ke4 Kb2 41. Kd3 g5 42. Kd2 Kxa2 43. Kc2 a4 44. h3 h6 45. Kc1 Kb3 46. Kb1 Kc3 47. Ka2 Kd3 48. Kxa3 Ke3 49. Kxa4 Kf3 50. Kb3 Kg3 51. h4 Kxh4 0-1

[Event "Malakhatko Memorial op"]
[Site "Chess.com INT"]
[Date "2023.06.14"]
[Round "8"]
[White "Korman, Nikita"]
[Black "Postny, Evgeny"]
[Result "0-1"]
[WhiteElo "1652"]
[BlackElo "2549"]
[PlyCount "82"]
[EventDate "2023.06.14"]
[EventType "swiss (blitz)"]
[EventRounds "11"]
[EventCountry "USA"]
[SourceTitle "CBM 214 Extra"]
[Source "ChessBase"]
[SourceDate "2023.07.31"]
[SourceVersion "1"]
[SourceVersionDate "2023.07.31"]
[SourceQuality "1"]

1. e4 e5 2. Nf3 Nc6 3. d4 exd4 4. Nxd4 Bb4+ 5. c3 Bc5 6. Be3 Bb6 7. Bc4 Nf6 8. 0-0 0-0 9. Nxc6 bxc6 10. Bxb6 axb6 11. e5 Ne4 12. Nd2 Nxd2 13. Qxd2 d5 14. Bb3 Ba6 15. Rfe1 Qh4 16. Qd4 Qh6 17. Re3 Rae8 18. Bc2 g6 19. Rae1 Bb7 20. b4 Qg7 21. f4 Bc8 22. f5 Kh8 23. f6 Qh6 24. a4 Be6 25. a5 c5 26. bxc5 bxa5 27. Qa4 Rb8 28. Qxa5 Rb2 29. Bd1 Qf4 30. Bf3 c6 31. Qa1 Rfb8 32. Qc1 Rb1 33. Qd2 h5 34. Rxb1 Rxb1+ 35. Kf2 Qh4+ 36. Ke2 Qxh2 37. Re4 Kh7 38. Rb4 Qxe5+ 39. Qe3 Re1+ 40. Kxe1 Qxe3+ 41. Be2 Qxc3+ 0-1